Analýza exportu konvenčných zbraní Spojených štátov amerických počas administratívy prezidenta Donalda Trumpa

Metóda syntézy a analýzy poskytujúca komplexný pohľad na smerovanie zahraničného obchodu a politiky v oblasti konvenčných zbraní počas administratívy súčasného prezidenta Donalda Trumpa. Jednotlivé cieľové regióny a typy exportovaných zbraní, komparácia politiky Trumpovej administratívy s politikou...

Descrizione completa

Salvato in:
Dettagli Bibliografici
Autore principale: Chrvalová, Lujza, 1994-
Natura: Capitolo di libro
Lingua:slovacco
Soggetti:
Tags: Aggiungi Tag
Nessun Tag, puoi essere il primo ad aggiungerne!!

MARC

LEADER 00000naa a2200000 4500
001 0261260
005 20240502074140.9
041 0 |a slo 
044 |a SK 
245 1 0 |a Analýza exportu konvenčných zbraní Spojených štátov amerických počas administratívy prezidenta Donalda Trumpa  |c Lujza Chrvalová 
520 |a Metóda syntézy a analýzy poskytujúca komplexný pohľad na smerovanie zahraničného obchodu a politiky v oblasti konvenčných zbraní počas administratívy súčasného prezidenta Donalda Trumpa. Jednotlivé cieľové regióny a typy exportovaných zbraní, komparácia politiky Trumpovej administratívy s politikou jeho predchodcu Baracka H. Obamu. 
610 2 0 |a USA 
610 2 0 |a zbrane 
610 2 0 |a regióny 
610 2 0 |a prezidenti 
610 2 0 |a obchod zahraničný 
100 1 |a Chrvalová, Lujza, 1994-